<?xml version="1.0" encoding="UTF-8"?>
<record
    xmlns:xsi="http://www.w3.org/2001/XMLSchema-instance"
    xsi:schemaLocation="http://www.loc.gov/MARC21/slim http://www.loc.gov/standards/marcxml/schema/MARC21slim.xsd"
    xmlns="http://www.loc.gov/MARC21/slim">

  <leader>01248nam a2200265 i 4500</leader>
  <controlfield tag="001">bg</controlfield>
  <datafield tag="245" ind1="0" ind2="0">
    <subfield code="a">Zr&#xF3;&#x17C;nicowanie przestrzenne obszar&#xF3;w wiejskich w aspekcie spo&#x142;eczno-demograficznym /</subfield>
    <subfield code="c">pod red. Eugeniusza Rydza ; Komisja Obszar&#xF3;w Wiejskich Polskiego Towarzystwa Geograficznego w Warszawie, Zak&#x142;ad Geografii Spo&#x142;eczno-Ekonomicznej i Turystyki. Instytut Geografii Pomorskiej Akademii Pedagogicznej w S&#x142;upsku.</subfield>
  </datafield>
  <datafield tag="260" ind1=" " ind2=" ">
    <subfield code="a">S&#x142;upsk :</subfield>
    <subfield code="b">Wydaw. PAP,</subfield>
    <subfield code="c">2002.</subfield>
  </datafield>
  <datafield tag="300" ind1=" " ind2=" ">
    <subfield code="a">161 s. :</subfield>
    <subfield code="b">il., mapy (w tym kolor.) ;</subfield>
    <subfield code="c">25 cm.</subfield>
  </datafield>
  <datafield tag="504" ind1=" " ind2=" ">
    <subfield code="a">Bibliogr. przy rozdz.</subfield>
  </datafield>
  <datafield tag="650" ind1=" " ind2="9">
    <subfield code="a">Infrastruktura spo&#x142;eczna</subfield>
    <subfield code="z">Polska</subfield>
    <subfield code="y">od 1980 r.</subfield>
  </datafield>
  <datafield tag="650" ind1=" " ind2="9">
    <subfield code="a">Infrastruktura techniczna</subfield>
    <subfield code="z">Polska</subfield>
    <subfield code="y">od 1980 r.</subfield>
  </datafield>
  <datafield tag="650" ind1=" " ind2="9">
    <subfield code="a">Wie&#x15B;</subfield>
    <subfield code="x">gospodarka</subfield>
    <subfield code="z">Polska</subfield>
    <subfield code="y">od 1980 r.</subfield>
  </datafield>
  <datafield tag="650" ind1=" " ind2="9">
    <subfield code="a">Wie&#x15B;</subfield>
    <subfield code="x">ludno&#x15B;&#x107;</subfield>
    <subfield code="z">Polska</subfield>
    <subfield code="y">od 1980 r.</subfield>
  </datafield>
  <datafield tag="700" ind1="1" ind2=" ">
    <subfield code="a">RYDZ, Eugeniusz.</subfield>
    <subfield code="e">Red.</subfield>
  </datafield>
  <datafield tag="710" ind1=" " ind2="0">
    <subfield code="a">Pomorska Akademia Pedagogiczna (S&#x142;upsk)</subfield>
    <subfield code="b">Instytut Geografii. Zak&#x142;ad Geografii Spo&#x142;eczno-Ekonomicznej i Turystyki</subfield>
  </datafield>
  <datafield tag="710" ind1=" " ind2="0">
    <subfield code="a">Polskie Towarzystwo Geograficzne</subfield>
    <subfield code="b">Komisja Obszar&#xF3;w Wiejskich</subfield>
  </datafield>
  <datafield tag="020" ind1=" " ind2=" ">
    <subfield code="a">8388731769</subfield>
  </datafield>
  <datafield tag="040" ind1=" " ind2=" ">
    <subfield code="c">BPK</subfield>
  </datafield>
  <datafield tag="041" ind1="0" ind2=" ">
    <subfield code="a">pol</subfield>
  </datafield>
  <datafield tag="080" ind1=" " ind2=" ">
    <subfield code="a">338.49:364.48:314](438-22)"1980/..."</subfield>
  </datafield>
  <datafield tag="920" ind1=" " ind2=" ">
    <subfield code="a">83-88731-76-9</subfield>
  </datafield>
  <datafield tag="942" ind1=" " ind2=" ">
    <subfield code="c">KS</subfield>
  </datafield>
  <controlfield tag="008">      s        pl     f     |000 0 pol  </controlfield>
  <datafield tag="999" ind1=" " ind2=" ">
    <subfield code="c">42503</subfield>
    <subfield code="d">42503</subfield>
  </datafield>
  <datafield tag="856" ind1=" " ind2=" ">
    <subfield code="u">http://koha.tu.koszalin.pl/cgi-bin/koha/opac-detail.pl?biblionumber=42503</subfield>
    <subfield code="y">Katalog online BPK</subfield>
  </datafield>
  <datafield tag="952" ind1=" " ind2=" ">
    <subfield code="0">0</subfield>
    <subfield code="1">0</subfield>
    <subfield code="4">0</subfield>
    <subfield code="7">1</subfield>
    <subfield code="a">BPK</subfield>
    <subfield code="b">BPK</subfield>
    <subfield code="c">eh</subfield>
    <subfield code="o">66801</subfield>
    <subfield code="p">01981636</subfield>
    <subfield code="t">338.43 Er.G&#x17C;</subfield>
    <subfield code="y">KS</subfield>
  </datafield>
</record>
